000 00351nam a2200133Ia 4500
008 240624s9999 xx 000 0 und d
041 _aeng
082 _a338.9 ANG
100 _aANGLIN ROLAND V
245 _aPROMOTING SUSTAINABLE LOCAL AND COMMUNIT
260 _c2011
_aLondon
_bCRC Press
300 _axxvi, : 275 : p. : cm. ; 24
365 _cBPS
_b27
999 _c16908
_d16908